000 01057nam a22003137a 4500
001 000754
003 DO-SdBNP
005 20180212153703.0
007 000754
008 161128b 1998 sp a ||||| |||| 00| 0 spa d
020 _a8434850648
040 _aBPMSU
_bspa
_cBPMSU
082 _axxxx
_bxxxx
100 1 _aBanscherus, Jürgen,
_d1949-
240 1 _aDie Kaugummiverschwörung.
_lEspañol
245 1 0 _aKiatoski y el robo de los chicles /
_cJürgen Banscherus ; traducción del alemán, Rosanna Terzi ; ilustraciones, Javier Vázquez.
250 _a3ª ed.
260 _aMadrid :
_bSM.
_c1998.
300 _a63 p. :
_bil. ;
_c19 cm.
490 1 _aEl barco de vapor. Serie azul
_v69
500 _a"A partir de 7 años"
500 _aIncluye datos del autor en la solapa de la contracubierta.
700 1 2 _aTerzi, Rosanna,
_etr.
700 1 2 _aVázquez, Javier,
_eil.
830 0 _aEl barco de vapor. Serie azul ;
_v69
942 _2ddc
_cBK
945 _aInventariado, 2018 / BT
956 _2LOPEREZ
_310
_620161128
_8BPMSU
_a00041
999 _c12125
_d12125